LEADER 01115nam--2200385---450- 001 990001895840203316 005 20060131151116.0 035 $a000189584 035 $aUSA01000189584 035 $a(ALEPH)000189584USA01 035 $a000189584 100 $a20040802d1974----km-y0itay0103----ba 101 0 $afre 102 $aFR 105 $a||||||||001yy 200 1 $a<> illusion chez Descartes$ela structure du discours cartésien$fSylvie Romanowsky 210 $aParis$cKlincksieck$d1974 215 $a204 p.$d22 cm 225 2 $aCritères$v3 410 0$12001$aCritères$v3 454 1$12001 461 1$1001-------$12001 606 0 $aDescartes,$bRené 676 $a194 700 1$aROMANOWSKI,$bSylvie$0564970 801 0$aIT$bsalbc$gISBD 912 $a990001895840203316 951 $aII.1.C. 730 (IV C coll 349/3)$b5190 L.M.$cIV C coll 959 $aBK 969 $aUMA 979 $aSIAV4$b10$c20040802$lUSA01$h1647 979 $aCOPAT4$b90$c20050614$lUSA01$h1540 979 $aANNAMARIA$b90$c20060131$lUSA01$h1511 996 $aIllusion chez Descartes$9954030 997 $aUNISA LEADER 01391nam a2200313 i 4500 001 991000124709707536 005 20020503114402.0 008 980326s1974 ||| ||| | dan 020 $a8774921169 035 $ab10033312-39ule_inst 035 $aocm00001219$9ExL 040 $aDip.to Beni Culturali$bita 041 0 $adaneng 082 0 $a342.385 100 1 $aHansen, Mogens Herman$0154598 245 14$aThe sovereignty of the People's Court in Athens in the fourth century B.C. and the public action against unconstitutional proposals /$cby Mogens Herman Hansen ; translated [from Danish] into English by Jorgen Raphaelsen and Sonja Holboll 260 $aOdense :$bOdense University press,$c1974 300 $a80 p. ;$c25 cm. 490 0 $aOdense University classical studies ;$v4 500 $aIncludes indexes. 500 $aBibliography: p. 66-[67] 651 4$aAthens - Constitutional law 651 4$aAthens - Politics and government 907 $a.b10033312$b17-02-17$c31-05-02 912 $a991000124709707536 945 $aLE001 SG VI 44$g1$i200100019150$lle001$o-$pE0.00$q-$rl$s- $t0$u0$v0$w0$x0$y.i10036714$z31-05-02 996 $aSovereignty of the People's Court in Athens in the fourth century B.C. and the public action against unconstitutional proposals$9177672 997 $aUNISALENTO 998 $ale001$b01-01-98$cm$da $e-$feng$gxx $h4$i1 LEADER 02986nam 2200565 450 001 9910822820503321 005 20230921181921.0 010 $a99908-0-252-1 035 $a(CKB)3710000000090351 035 $a(EBL)1635447 035 $a(SSID)ssj0001163164 035 $a(PQKBManifestationID)11655871 035 $a(PQKBTitleCode)TC0001163164 035 $a(PQKBWorkID)11164164 035 $a(PQKB)10301023 035 $a(MiAaPQ)EBC1635447 035 $a(OCoLC)880354779 035 $a(MdBmJHUP)muse34896 035 $a(Au-PeEL)EBL1635447 035 $a(CaPaEBR)ebr10839020 035 $a(CaONFJC)MIL663344 035 $a(OCoLC)876042230 035 $a(EXLCZ)993710000000090351 100 $a20140304h20142014 uy 0 101 0 $aeng 135 $aur|n|---||||| 181 $ctxt$2rdacontent 182 $cc$2rdamedia 183 $acr$2rdacarrier 200 10$aMalawi mailings $ereflections on missionary life 2000-2003 /$fRodney and Sarah Schofield 210 1$aMzuzu, Malawi :$cMzuni Press,$d2014. 210 4$d©2014 215 $a1 online resource (202 pages) 300 $aDescription based upon print version of record. 311 $a1-322-32062-4 311 $a99908-0-246-7 327 $aIntroduction -- Partnership in Faith -- First Impressions -- Year 2000 -- Drinking in the Atmosphere -- An Overview of Theological Training -- The Common Good -- Breaking the Silence -- Jubilee South -- Faith in the Future -- A Clash of Cultures -- Protective Magic -- African Christianity -- Language of the Heart -- Challenges and Constraints -- Putting Down Roots -- Year 2001 -- The Role of Repetition -- Looking Ahead -- Life in the Raw -- Proverbial Sayings -- Out and About -- A Week in the Diary -- The Impact of AIDS -- The Response to AIDS -- New Developments -- Orphan Support -- The Need for Reparation -- The Ethical Dimension of Community -- Year 2002 -- Witchcraft Beliefs -- Contemplation and Struggle -- The Maize Crisis -- Child Labour -- A New Diocese -- Poverty Issues -- Africans Abroad -- Veneration of Ancestors -- Fishing Tactics -- The Hunger Months Resume -- Coming Soon -- Seasonal Meditations -- Year 2003 -- Resilience and Joy -- An Interregnum -- The Anglican Heartland -- Provincial Autonomy -- Power Crisis -- Our New Bishop -- The Process of Formation -- A Beautiful Country -- Ntiya News -- Links and Plans -- Postscript -- Poinsettia. 330 $aMalawi is full of surprises for the first time visitor. Theologian Rodney Schofield and his wife Sarah Schofield in this book document their experiences of missionary life in Malawi. 606 $aFolklore$xSocial aspects$zMalawi 615 0$aFolklore$xSocial aspects 676 $a398.09 700 $aSchofield$b Rodney$01614508 701 $aSchofield$b Sarah$f1967-$01725158 801 0$bMiAaPQ 801 1$bMiAaPQ 801 2$bMiAaPQ 906 $aBOOK 912 $a9910822820503321 996 $aMalawi mailings$94127848 997 $aUNINA